[Event "Sinquefield Cup 1st"]
[Site "Saint Louis"]
[Date "2013.09.14"]
[Round "5"]
[White "Nakamura, Hikaru"]
[Black "Carlsen, Magnus"]
[Result "1/2-1/2"]
[WhiteElo "2772"]
[BlackElo "2862"]
[Annotator "Ramirez Alvarez"]
[PlyCount "64"]
[EventDate "2013.09.09"]
[EventType "tourn"]
[EventRounds "6"]
[EventCountry "USA"]
[EventCategory "22"]
[SourceTitle "CBM 157"]
[Source "ChessBase"]
[SourceDate "2013.11.12"]

1. e4 e5 2. Nf3 Nc6 3. Bb5 Nf6 4. O-O Nxe4 5. Re1 Nd6 6. Nxe5 Be7 7. Bf1 Nxe5
8. Rxe5 {Nakamura uses a line that has given Carlsen some problems in the past,
both sides seemed to have been very well prepared.} O-O 9. Nc3 Ne8 10. Nd5 Bd6
11. Re1 c6 12. Ne3 Bc7 13. Nf5 d5 14. Ne7+ Kh8 15. Nxc8 Rxc8 16. g3 {Only this
move is actually new. Moving the bishop to the h3-f5 diagonal can cause Black
some problems, or at least that was the American's original plan. Carlsen
ignores this and obtains an acceptable position.} Nd6 (16... Qd7 17. d3 Nf6 18.
Qf3 {is slightly more pleasant for White due to the pair of bishops, without
it being anything special.}) 17. Bh3 f5 18. d3 (18. d4 $6 {takes control of e5,
but is not as important as the fact that it loses control of e4.}) 18... Qf6
19. c3 (19. Bf4 Qxb2 20. Be5 Qa3 21. Qh5 Kg8 22. Qg5 {gives White some
compensation, but of course Black doesn't have to take on b2.}) 19... Rce8 20.
Bd2 Nf7 21. Rxe8 Rxe8 22. Qf1 f4 23. Re1 Rf8 24. Qe2 h6 25. Kh1 Ng5 26. Bg4 Bd6
{Black has solved most of his problems because White has to consistently pay
attention to his kingside. The only way of kicking the knight out of g5 is
with h4, which will weaken g3 and increase the power of the d6-bishop.} 27. h4
Nh7 28. Kg2 Qg6 29. Bh5 Qf5 30. Bg4 Qg6 31. Bh5 Qf5 32. Bg4 Qg6 {Neither side
is really playing for anything, and with White's kingside weaknesses it's
fully understandable that he immediately agreed to a draw. With this important
results Carlsen goes into the last round with an extra half a point.} 1/2-1/2

[Event "Sinquefield Cup 1st"]
[Site "Saint Louis"]
[Date "2013.09.10"]
[Round "2"]
[White "Aronian, Levon"]
[Black "Carlsen, Magnus"]
[Result "1/2-1/2"]
[WhiteElo "2813"]
[BlackElo "2862"]
[Annotator "Ramirez Alvarez"]
[PlyCount "80"]
[EventDate "2013.09.09"]
[EventType "tourn"]
[EventRounds "6"]
[EventCountry "USA"]
[EventCategory "22"]
[SourceTitle "CBM 157"]
[Source "ChessBase"]
[SourceDate "2013.11.12"]

1. d4 f5 {Already something to talk about. The Dutch is not a common guest in
top level chess, but two other players in this tournament are known to use it:
Kamsky and Nakamura!} 2. Nf3 Nf6 3. c4 g6 4. Nc3 {The setups with a quick g3
and b3 are more common, but Aronian has a specific idea in mind.} Bg7 5. Bf4 $5
{A favorite of Hrant Melkumyan, an Armenian that lives in Berlin like Aronian.
It is possible that Aronian got the idea from him.} d6 6. e3 Nc6 {Basically
new, but since Black's only plan is to play e5 anyways the move makes sense.}
7. Be2 (7. d5 e5 $1 {is the typical response against d5 when there is a bishop
on f4.} 8. dxc6 exf4 9. cxb7 Bxb7 10. exf4 Qe7+ {gives Black a superior
position despite being a pawn down.}) 7... O-O 8. O-O Ne4 $1 {The point of
this move is to allow Black to push e5. There are other ways of doing this,
like ...Qe8, but they are far more awkward while this is natural and direct.}
9. h3 e5 {Black has achieved e5 while it is unclear exactly what White has
achieved. Carlsen has already equalized.} 10. Bh2 exd4 11. exd4 Ng5 $1 {
Taking away the protection of the d4-pawn will force this diagonal open: a
nice strategical advantage as the bishop on h2 will not be able to oppose the
one on g7.} 12. Nxg5 Qxg5 13. f4 {A strange move as White is at least
temporarily burrying his bishop. He hopes to maneouver it soon to g1 for it to
regain its power.} Qf6 14. d5 Nd4 15. Kh1 c5 $1 {Securing the diagonal and
giving b5 ideas a sharper edge.} 16. Bd3 Bd7 17. Bg1 Rae8 18. Qd2 a6 19. Rad1 {
Already Black's position is more comfortable. By induction from the Benoni, it
is clear that if Black achieves the b5 break and achieves a powerful bishop on
g7 he will be in the driver's seat.} Rb8 20. a4 Qd8 $1 {A smart regrouping of
the queen. Black only needs one piece to control the long diagonal.} 21. Rb1
Qa5 22. Qd1 Qb4 23. Bf2 Rbe8 24. Be1 Qb3 {The queen finishes her long journey
to b3, and with it she exerts so much power that White has no choice but to
trade her off. The problem is that this is a bad trade for White, as the queen
is his best defender. Without the queen White is both planless and in a
difficult situation, Black will slowly set up b5 and when that break happens
Black's pieces will crash through.} 25. Qxb3 Nxb3 26. Bc2 {Aronian was down to
less than ten minutes at this point. He started pacing a lot around this point,
while Carlsen stayed at his board constantly thinking.} Na5 {It was tempting
to put the knight on d4 again, but both moves are about as problematic for
White as now the c4-pawn is not easily defended.} 27. Bd3 $1 Re3 28. Rd1 Rb8 $6
{Black continues with this plan of breaking on b5. Magnus has shuffled his
rooks a lot, but they now find themselves in strong positions which is why
Aronian takes care of that immediately. However it might have been better to
immediately place the knight on a5 back to d4 before anything else.} (28...
Rxd3 $5 {was his original idea, but Carlsen didn't see anything clear at the
end and decided not to go for the complications.} 29. Rxd3 Nxc4 $13) 29. Bf2
Ree8 30. Ra1 $1 {Aronian is an excellent player, and sometimes it is most
important to shine when you are in difficult positions. This important move
allows the rook to diminish the effects of a possible b5, as the a-file will
be open in its favor.} Bd4 31. Kg1 {Aronian took the opportunity where he felt
Black's advantage had slip and the fact that Carlsen had dropped significantly
in the clock to offer a draw in this position.} Be3 32. Bxe3 Rxe3 33. Rad1 Rbe8
34. Kf2 Nb3 35. Rfe1 $1 {With the trade of all the rooks, White has nothing to
worry about.} Rxe1 36. Rxe1 Rxe1 37. Kxe1 Nd4 38. Kd2 Kf7 39. Be2 Kf6 40. Bd1
a5 1/2-1/2

[Event "Lillehammer m rapid"]
[Site "Lillehammer"]
[Date "2013.06.29"]
[Round "3"]
[White "Predojevic, Borki"]
[Black "Carlsen, Magnus"]
[Result "0-1"]
[WhiteElo "2616"]
[BlackElo "2864"]
[PlyCount "113"]
[EventDate "2013.06.28"]
[EventType "match (rapid)"]
[EventRounds "4"]
[EventCountry "NOR"]
[SourceTitle "CBM 155 Extra"]
[Source "ChessBase"]
[SourceDate "2013.08.26"]

1. e4 c5 2. Nf3 e6 3. c3 d5 4. exd5 Qxd5 5. d4 Nf6 6. Na3 Nc6 7. Nb5 Qd8 8.
dxc5 Bxc5 9. Qxd8+ Kxd8 10. Bf4 Ne4 11. Ng5 Nxg5 12. Bxg5+ f6 13. Be3 Bxe3 14.
fxe3 Ke7 15. O-O-O Ne5 16. Be2 Bd7 17. Nd4 Rac8 18. Rd2 Rc5 19. Rhd1 Rhc8 20.
Nf3 Ba4 21. Re1 Nf7 22. c4 Bc6 23. b3 Nd6 24. Kb2 a5 25. Nd4 Be8 26. Red1 Re5
27. Bf3 Ne4 28. Bxe4 Rxe4 29. Re1 Rc5 30. Nc2 e5 31. Na3 Rg4 32. Nb1 b5 33.
cxb5 Bxb5 34. Nc3 Bc6 35. e4 h5 36. a3 h4 37. Re3 Ke6 38. Re1 g6 39. Re3 f5 40.
exf5+ gxf5 41. g3 Bh1 42. Ne2 Rd5 43. Rc2 Be4 44. Rc4 Rd2+ 45. Kc1 Ra2 46. h3
Rxe2 47. Rxe2 Rxg3 48. Rc5 Rxh3 49. Rxa5 Rxb3 50. Ra6+ Kd5 51. Ra5+ Kd4 52.
Ra4+ Kd3 53. Rh2 f4 54. Rxh4 Ke3 55. Rb4 Rxb4 56. axb4 f3 57. Rh1 0-1

[Event "Lillehammer m rapid"]
[Site "Lillehammer"]
[Date "2013.06.28"]
[Round "1"]
[White "Predojevic, Borki"]
[Black "Carlsen, Magnus"]
[Result "1/2-1/2"]
[WhiteElo "2616"]
[BlackElo "2864"]
[PlyCount "107"]
[EventDate "2013.06.28"]
[EventType "match (rapid)"]
[EventRounds "4"]
[EventCountry "NOR"]
[SourceTitle "CBM 155 Extra"]
[Source "ChessBase"]
[SourceDate "2013.08.26"]

1. e4 e5 2. Nf3 Nc6 3. Bb5 a6 4. Ba4 Nf6 5. d3 b5 6. Bb3 Bc5 7. Nc3 d6 8. Nd5
h6 9. Nxf6+ Qxf6 10. Bd5 Bd7 11. Be3 O-O 12. Bxc5 dxc5 13. Qd2 Rad8 14. Bxc6
Bxc6 15. Qc3 c4 16. O-O Rfe8 17. Rfe1 cxd3 18. cxd3 Bd7 19. b4 Bg4 20. Nd2 Qd6
21. Re3 Be6 22. a3 a5 23. Rc1 axb4 24. axb4 Ra8 25. Nf3 Bg4 26. h3 Bxf3 27.
Rxf3 Re7 28. Qc5 Qxc5 29. Rxc5 c6 30. Rxc6 Ra4 31. Rc5 Rxb4 32. Rf5 f6 33. f4
Rb1+ 34. Kh2 Rf1 35. Rxb5 exf4 36. h4 Ra7 37. Ra5 Rxa5 38. Rxa5 g5 39. Rf5 Kg7
40. e5 fxe5 41. hxg5 hxg5 42. Rxe5 Kf6 43. Rd5 g4 44. Rd8 Ke5 45. Re8+ Kd4 46.
Rg8 g3+ 47. Kh3 Ke3 48. Ra8 Kxd3 49. Re8 Rf2 50. Kg4 Re2 51. Rf8 Rxg2 52. Rxf4
Rf2 53. Kxg3 Rxf4 54. Kxf4 1/2-1/2

[Event "Lillehammer m rapid"]
[Site "Lillehammer"]
[Date "2013.06.28"]
[Round "2"]
[White "Carlsen, Magnus"]
[Black "Predojevic, Borki"]
[Result "1/2-1/2"]
[WhiteElo "2864"]
[BlackElo "2616"]
[PlyCount "82"]
[EventDate "2013.06.28"]
[EventType "match (rapid)"]
[EventRounds "4"]
[EventCountry "NOR"]
[SourceTitle "CBM 155 Extra"]
[Source "ChessBase"]
[SourceDate "2013.08.26"]

1. d4 d5 2. c4 c6 3. e3 Bf5 4. cxd5 cxd5 5. Qb3 Qc7 6. Bb5+ Nd7 7. Nc3 e6 8.
Nf3 Ngf6 9. Ne5 a6 10. Bd3 Bxd3 11. Nxd3 Bd6 12. Bd2 Qc4 13. Ke2 Qxb3 14. axb3
Ke7 15. f3 Rhd8 16. b4 e5 17. g4 exd4 18. exd4 Nb6 19. Nc5 Rab8 20. b5 Nc4 21.
Bg5 Bxc5 22. dxc5 d4 23. Ne4 d3+ 24. Kf2 Nxb2 25. c6 bxc6 26. bxc6 Rb6 27. Nxf6
gxf6 28. Rhe1+ Kd6 29. Bxf6 Rc8 30. Reb1 Rcxc6 31. Rxb2 Rxb2+ 32. Bxb2 Rc2+ 33.
Ke3 Rxb2 34. Rxa6+ Ke7 35. Rh6 d2 36. Ke2 Rb3 37. Rh3 Rd3 38. Kd1 Kf6 39. Rxh7
Rxf3 40. Kxd2 Kg6 41. Rh8 f5 1/2-1/2

[Event "Tal Memorial 8th"]
[Site "Moscow"]
[Date "2013.06.22"]
[Round "8"]
[White "Carlsen, Magnus"]
[Black "Nakamura, Hikaru"]
[Result "1-0"]
[WhiteElo "2864"]
[BlackElo "2784"]
[Annotator "Krasenkow,M"]
[PlyCount "93"]
[EventDate "2013.06.13"]
[EventType "tourn"]
[EventRounds "9"]
[EventCountry "RUS"]
[EventCategory "22"]
[SourceTitle "CBM 155"]
[Source "ChessBase"]
[SourceDate "2013.07.16"]

1. c4 e6 2. g3 d5 3. Bg2 c6 4. Qc2 Nf6 5. Nf3 dxc4 6. Qxc4 b5 7. Qb3 Bb7 8. O-O
Nbd7 9. d4 a6 10. Ne5 Qb6 {A rare and probably less accurate continuation
instead of the main move} (10... Nxe5 {, examined in my survey in CBM 150.
After that White sometimes sacrifices his e5-pawn obtaining a positional
compensation (active pieces etc.). However, in future Black's queenside pawn
advantage can become essential. Here are some recent games:} 11. dxe5 Nd5 12.
Nc3 Be7 13. Ne4 O-O $5 {[%cal Yc6c5] is probably simpler:} (13... Qc7 14. Nd6+
$5 (14. Bf4 Nxf4 15. gxf4 O-O 16. a4 Rad8 17. Rfc1 Rd4 $132 {1/2 (31) Ni Hua 
(2641)-Frolyanov,D (2555) Moscow 2012}) (14. Bg5 Bxg5 15. Nxg5 Qxe5 16. Ne4 O-O
17. Nc5 {[%csl Gd5]} Qc7 18. Rfc1 Rad8 19. Qc2 Bc8 20. Nd3 Bb7 $13 {1-0 (52)
Bruzon Batista,L (2694)-Leitao,R (2623) Quito 2012 CBM 150 (Krasenkow,Michal)})
14... Bxd6 15. exd6 Qxd6 16. Rd1 (16. e4 Nb6 $13) 16... Qe7 17. e4 Nb6 18. Qc3
O-O 19. b3 c5 (19... Nd7 {[%cal Ye6e5,Yc6c5] may be a bit more accurate}) 20.
Qa5 Qc7 21. Bf4 e5 22. Be3 Rac8 23. Rac1 (23. Bh3 $1 Rcd8 24. f3 $14) 23... Nd7
24. Qxc7 Rxc7 25. Bh3 Bc8 26. Bxd7 Rxd7 27. Rxd7 Bxd7 28. Rxc5 f6 $11 {1/2 (31)
Maletin,P (2567)-Yudin,S (2546) Kirov 2012}) 14. Be3 (14. Rd1 c5 15. a4 c4 $13)
14... Nxe3 15. Qxe3 c5 16. Rac1 c4 (16... Bxe4 $5) 17. b3 Qc7 18. bxc4 Qxe5 19.
Nf6+ Bxf6 20. Qxe5 Bxe5 21. Bxb7 Ra7 $11 {1/2 (25) Shyam,S (2484)-Vaibhav,S 
(2494) Kolkata 2012}) 11. Be3 c5 12. Nxd7 Nxd7 13. d5 e5 $2 {A big positional
mistake.} (13... exd5 14. Bxd5 Bxd5 15. Qxd5 Rd8 (15... Rc8 16. a4 b4 (16...
Be7 17. axb5 axb5 18. Nc3 $36 {- Black can't castle}) 17. Nd2 Nf6 18. Qe5+ Qe6
19. Qxe6+ fxe6 20. Rac1 Be7 21. Nc4 O-O 22. f3 Rfd8 23. Rfd1 $14 {1-0 (59)
Smirnov,P (2599)-Zontakh,A (2556) Sochi 2012}) 16. a4 Be7 17. axb5 axb5 18. Nc3
O-O 19. b4 (19. Qe4 $142 $14) 19... Qf6 20. Nxb5 cxb4 21. Ra7 Nc5 $11 {1/2 (44)
Meier,G (2656)-Ponomariov,R (2764) Dortmund 2011}) 14. a4 {Black will be
forced to play ...b5-b4 or ...b5xa4 weakening his position.} b4 (14... Bd6 {
is even worse:} 15. axb5 axb5 16. Rxa8+ Bxa8 17. Nc3 b4 18. Qa4 $1 $16) ({If} 
14... c4 {then} 15. Bxb6 cxb3 16. Bc7 Bb4 (16... Rc8 17. d6) 17. axb5 axb5 18.
Rxa8+ Bxa8 19. Rc1 O-O 20. Nc3 $16) 15. Nd2 Bd6 16. Nc4 {[%csl Gc4]} (16. Rac1
$5 {[%csl Rc5][%cal Yd2e4]}) 16... Qc7 17. f4 (17. Bh3 $5 Nf6 (17... Bxd5 18.
Rfd1 Bxc4 19. Qxc4 Nf6 20. Bg2 $16) 18. Bg5 Bxd5 (18... Nxd5 19. Rad1 h6 20.
Bh4) (18... Ne4 19. Bh4 {[%cal Yh3g2]}) 19. Rfd1 Bxc4 20. Qxc4 $16) 17... O-O (
17... exf4 $143 18. Nxd6+ Qxd6 19. Bxf4 Qg6 20. Qe3+) 18. Rac1 exf4 (18... Rae8
$5 19. fxe5 Bxe5 {may be more stubborn.}) 19. Bxf4 Bxf4 20. gxf4 {[%cal Ye2e4,
Ye4e5]} a5 21. e4 Rae8 (21... Ra6 $1 {was the only chance to put up resistance.
If} 22. e5 ({or} 22. d6 Rxd6 23. Nxd6 Qxd6) {then} 22... Rg6) 22. e5 $18 {
White's pawns now just sweep Black's pieces away.} Ba6 23. Rfe1 Kh8 (23... Bxc4
{was equally hopeless.}) 24. Nd6 Re7 (24... Rd8 $2 25. Nxf7+ Rxf7 26. d6 $18)
25. Qe3 (25. Qh3 $5 c4 26. Nxc4 Bxc4 27. d6 Qc5+ 28. Qe3 $18 Ree8 $140 29. Qxc5
Nxc5 30. Rxc4 Nxa4 31. Bc6 Rc8 32. d7 Rc7 33. Rd4 $1) 25... Qd8 (25... g5 26.
Nf5 Ree8 (26... gxf4 27. Qxf4 Rxe5 28. d6 Rxe1+ 29. Rxe1 Qd8 30. Re7 $18 {->})
27. Qg3 $18) 26. b3 $1 {A good prophylactical move stopping ...c5-c4.} g5 27.
Kh1 (27. Nf5 Ree8 28. Qg3 $18 {was more energetic} Rg8 $140 29. Nh6) 27... Qb8
28. Qf2 gxf4 (28... Bd3 29. Nb7 $1 gxf4 30. Nxc5 $18) 29. Qxf4 Bd3 30. Re3 $4 {
A tactical oversight, however, not taken advantage of by Black.} (30. Bh3 $1 {
, liquidating the main defender of Black's position (the Nd7), was the best
way to finish the game off. If} Qa8 {then} 31. Rxc5 $1 (31. Qf3 {is also
possible}) 31... Nxc5 32. Qf6+ Kg8 33. Rg1+ Bg6 34. Nf5 Qxd5+ 35. Bg2 $18)
30... Bg6 $4 (30... Rxe5 $1 31. Rxe5 Qxd6 32. Rf5 Qxf4 33. Rxf4 c4 $1 {, and
the position becomes unclear.}) 31. Rf1 $2 ({Again} 31. Bh3 {was winning})
31... Rxe5 $1 {This is less effective than a move earlier but still creates
serious problems for White.} 32. Rxe5 Qxd6 33. Re8 (33. Re3 {deserved
attention, not exchanging Black's passive rook.}) 33... Qxf4 34. Rxf8+ Kg7 35.
Rxf4 Kxf8 {[%cal Yf8e7]} 36. d6 $1 Ne5 {[%cal Yf8e8,Ye8d7]} 37. Bf1 $1 Bc2 38.
Bb5 f5 (38... Bxb3 39. Rf5 f6 40. Rxf6+ Nf7 41. d7 $1 Ke7 42. Rf5 Be6 43. Rxc5
{, and White should win.}) 39. Kg2 c4 $2 {This miscalculation hastens Black's
defeat.} (39... Nf7 $142 40. d7 Ke7 41. Rf2 $1 Bxb3 42. Rxf5 {etc. like in the
previous annotation.}) 40. Bxc4 Be4+ 41. Kg3 Nxc4 42. bxc4 Ke8 {Or else:} (
42... b3 43. Rf2 Bc2 44. Re2 $1 b2 45. d7 b1=Q 46. d8=Q+ $18) (42... Kf7 43. c5
(43. Rf2 $143 Ke6 44. c5 Bc6) 43... b3 (43... Ke6 44. Rh4 $3 b3 45. Rh6+ Kd7
46. Rxh7+ Kd8 (46... Ke6 47. d7) 47. Rh8+ Kd7 48. Rb8 $18) 44. Rf2 Bc2 (44...
Ke6 45. Rb2 Bc2 46. Kf4 h6 47. h3 h5 48. h4 $18) 45. d7 b2 (45... Ke7 46. Rd2
Kd8 47. c6) 46. d8=Q b1=Q 47. Qd7+ Kf8 48. Qd4 Qg1+ 49. Kh4 $18) 43. c5 Bc6 (
43... b3 44. Rf2 Kd7 (44... Bc2 45. c6 b2 46. c7 Kd7 47. Rxc2 $18) 45. Rb2 Bc2
46. Kf4 Ke6 47. h3 h6 48. h4 h5 {is not a reciprocal zugzwang as White can play
} 49. Kg5 $18) 44. Rxf5 Bxa4 45. Re5+ Kd8 46. Re7 Bc6 47. Rc7 (47. Rc7 Bd5 48.
c6 b3 49. Rd7+ $1 Kc8 50. Rxh7 Bxc6 51. Rc7+ Kd8 52. Rxc6 a4 53. Rb6 $18) 1-0

[Event "Tal Memorial 8th"]
[Site "Moscow"]
[Date "2013.06.21"]
[Round "7"]
[White "Carlsen, Magnus"]
[Black "Morozevich, Alexander"]
[Result "1/2-1/2"]
[WhiteElo "2864"]
[BlackElo "2760"]
[PlyCount "93"]
[EventDate "2013.06.13"]
[EventType "tourn"]
[EventRounds "9"]
[EventCountry "RUS"]
[EventCategory "22"]
[SourceTitle "CBM 155"]
[Source "ChessBase"]
[SourceDate "2013.07.16"]

1. e4 c6 2. d4 d5 3. Nc3 dxe4 4. Nxe4 Nd7 5. c3 Ngf6 6. Nxf6+ Nxf6 7. Bd3 Qd5
8. f3 Bf5 9. Ne2 Bxd3 10. Nf4 Qg5 11. Qxd3 Nd5 12. g3 e6 13. Qe2 Nxf4 14. Bxf4
Qd5 15. Be5 f6 16. Bf4 O-O-O 17. O-O Bd6 18. Be3 e5 19. dxe5 Qxe5 20. Qf2 a6
21. Rfe1 Qf5 22. Bb6 Bc7 23. Bxc7 Kxc7 24. Re7+ Rd7 25. Rae1 Rhd8 26. Kg2 Qd5
27. a3 Rxe7 28. Rxe7+ Rd7 29. Rxd7+ Kxd7 30. Qc2 g6 31. Qc1 Qd3 32. Kf2 Ke6 33.
Qe3+ Qxe3+ 34. Kxe3 Kd5 35. b3 c5 36. c4+ Ke5 37. f4+ Ke6 38. g4 f5 39. g5 a5
40. a4 b6 41. h4 Kd6 42. Kf2 Ke6 43. Kf3 Ke7 44. Kg3 Kf7 45. Kh3 Ke6 46. h5 Kf7
47. h6 1/2-1/2

[Event "Tal Memorial 8th"]
[Site "Moscow"]
[Date "2013.06.19"]
[Round "6"]
[White "Gelfand, Boris"]
[Black "Carlsen, Magnus"]
[Result "1/2-1/2"]
[WhiteElo "2755"]
[BlackElo "2864"]
[PlyCount "110"]
[EventDate "2013.06.13"]
[EventType "tourn"]
[EventRounds "9"]
[EventCountry "RUS"]
[EventCategory "22"]
[SourceTitle "CBM 155"]
[Source "ChessBase"]
[SourceDate "2013.07.16"]

1. d4 Nf6 2. c4 e6 3. Nf3 d5 4. Nc3 Nbd7 5. Bf4 dxc4 6. e3 a6 7. a4 Bd6 8. Bxd6
cxd6 9. Bxc4 O-O 10. O-O d5 11. Bd3 b6 12. Qb3 Qe7 13. Rfc1 Bb7 14. Rc2 Rfc8
15. Rac1 Qd6 16. Na2 Rxc2 17. Rxc2 Rc8 18. Rxc8+ Bxc8 19. Qc3 Bb7 20. b4 Ne4
21. Qc1 h6 22. h3 Kf8 23. b5 a5 24. Nc3 Qc7 25. Qa3+ Qd6 26. Qc1 Qc7 27. Qa3+
Ke8 28. Ne2 g5 29. Qb2 Ke7 30. Nd2 Ndf6 31. Nf1 Nd6 32. f3 Nd7 33. g4 f6 34.
Nfg3 Nf8 35. Kf2 Bc8 36. Qc2 Qxc2 37. Bxc2 Bd7 38. Nc3 Be8 39. f4 Bf7 40. Bb3
gxf4 41. exf4 Ng6 42. f5 Nf4 43. fxe6 Nxh3+ 44. Ke3 Bxe6 45. Nxd5+ Kd8 46. Nh5
f5 47. gxf5 Nxf5+ 48. Ke4 Ng5+ 49. Ke5 Ne7 50. Nhf4 Bg8 51. Bd1 Bxd5 52. Nxd5
Nf7+ 53. Ke6 Ng5+ 54. Ke5 Nf7+ 55. Ke6 Ng5+ 1/2-1/2